000 01022nam0a22002531 4500
001 rc\866383
005 20041129093208.9
035 _a(NLR Aleph) 006045331
090 _a4747778
_c4747778
100 _a20041129d1983 u |0rusy50 ca
101 0 _arus
102 _aRU
105 _aa |||||||||
200 1 _aСовременные конструктивные решения крупнопанельных жилых зданий
_eУчеб. пособие
210 _aМ.
_cБ. и.
_d1983
215 _a68 с.
_cил.
_d21
300 _aВ надзаг.: Центр. межвед. ин-т повышения квалификации руководящих работников и специалистов стр-ва при МИСИ им. В.В. Куйбышева
320 _aБиблиогр.: с. 66-67 (12 назв.)
700 1 _aСтронгин
_bН. С.
_gНиколай Семенович
801 0 _aRU
_bNLR
_gpsbo
801 1 _aRU
_bELAR
_2rusmarc
852 _aNLR
_j84-4/7360
942 _cBOOK
980 _aNB